Návrh zariadenia pre teplotnú stabilizáciu výkonového spínacieho prvku počas záťažových meraní
Guardado en:
| Autor principal: | |
|---|---|
| Otros Autores: | |
| Formato: | Manuscrito Libro |
| Lenguaje: | eslovaco |
| Publicado: |
Bratislava :
STU v Bratislave FEI,
2023
|
| Materias: | |
| Acceso en línea: | https://opac.crzp.sk/?fn=detailBiblioFormChildE4H81&sid=C03CB0FBA6588971DC3821D1B6BF&seo=CRZP-detail-kniha |
| Etiquetas: |
Sin Etiquetas, Sea el primero en etiquetar este registro!
|
MARC
| LEADER | 00000ntm a22000003a 4500 | ||
|---|---|---|---|
| 001 | stuzp91298 | ||
| 003 | SK-STU | ||
| 005 | 20241125135308.6 | ||
| 007 | ta | ||
| 008 | 150427s2015----xo-----f-mn---000-0-slo-d | ||
| 040 | |a STU |b slo | ||
| 041 | 0 | |a slo | |
| 044 | |a xo | ||
| 100 | 1 | |a Gazda, Ján |u 033000 |4 aut |U FEI Fakulta elektrotechniky a informatiky |T FEI Ústav elektroniky a fotoniky |X 93161 |U E030 |Y 549 |7 93161 | |
| 242 | 0 | 1 | |a Design of a device for temperature stabilization of DUT during stress measurement |y eng |
| 245 | 1 | 0 | |a Návrh zariadenia pre teplotnú stabilizáciu výkonového spínacieho prvku počas záťažových meraní |
| 260 | |a Bratislava : |b STU v Bratislave FEI, |c 2023 | ||
| 300 | |a 79 s. | ||
| 650 | 4 | |a riadenie |2 slo | |
| 650 | 4 | |a stabilizácia teploty |2 slo | |
| 650 | 4 | |a regulácia |2 slo | |
| 650 | 4 | |a stabilizácia teploty |2 slo | |
| 650 | 4 | |a control |2 eng | |
| 650 | 4 | |a temperature stabilization |2 eng | |
| 650 | 4 | |a temperature sensor |2 eng | |
| 700 | 1 | |a Jagelka, Martin |u 033000 |k Z2 |4 ths |U FEI Fakulta elektrotechniky a informatiky |T FEI Ústav elektroniky a fotoniky |X 8041 |U E030 |Y 549 |7 A000008041 | |
| 856 | 4 | |u https://opac.crzp.sk/?fn=detailBiblioFormChildE4H81&sid=C03CB0FBA6588971DC3821D1B6BF&seo=CRZP-detail-kniha | |